00581cam a2200157 4500008004100000020001500041035001200056050002500068245009800093260006600191300002100257500002000278600006500298650003200363700002800395021111t19991999mx 000 0 spa u a9686658246 aa40537600aN6559.A85 bA85 199910aDr. Atl :bEl paisaje como pasión /cPresentación, estudio y cronología Beatriz Espejo. aMéxico :bFondo editorial de la plástica Mexicana, c1999 a126 p. ;c24 cm. aRec. Prop. Esc.1 aMurillo Cornado, José Francisco, pseud. Dr. Atl, 1875-196410aPaisajes xArte xCatalogos1 aEspejo, Beatriz, colab.